Historia del pueblo de Dios (Record no. 8366)
[ view plain ]
| 000 -CABECERA | |
|---|---|
| campo de control de longitud fija | 01310nam a2200241 a 4500 |
| 001 - NÚMERO DE CONTROL | |
| campo de control | BRCA_8714 |
| 005 - FECHA Y HORA DE LA ÚLTIMA TRANSACCIÓN | |
| campo de control | 20190320210358.0 |
| 008 - DATOS DE LONGITUD FIJA--INFORMACIÓN GENERAL | |
| campo de control de longitud fija | 030217s1755----sp-#######---#000-0#spa-# |
| 041 ## - CÓDIGO DE LENGUA | |
| Código de lengua del texto/banda sonora o título independiente | spa |
| 044 ## - CÓDIGO DEL PAÍS DE LA ENTIDAD EDITORA/PRODUCTORA | |
| Código MARC del país | sp |
| 084 ## - OTRO NÚMERO DE CLASIFICACIÓN | |
| Número de clasificación | BE56 |
| Número de documento/Ítem | .B47 1755 |
| 100 1# - ENTRADA PRINCIPAL--NOMBRE DE PERSONA | |
| Nombre de persona | Berruyer, Isaac Joseph |
| 9 (RLIN) | 21708 |
| 245 10 - MENCIÓN DE TÍTULO | |
| Título | Historia del pueblo de Dios |
| Resto del título | segunda parte, sacada solamente de los libros santos, o el sagrado texto de los libros del nuevo testamento, reducido a un cuerpo de historia, desde el nacimiento del messias, hasta el fin de la synagoga, en que se comprende el nacimiento de la iglesia, hechos apostólicos, y principios del pueblo cristiano |
| Mención de responsabilidad, etc. | escrito en el idioma francés por el P. Isaac Joseph Berruter, de la compañía de Jesús, y traducido al español por el P. Antonio Espinosa, de la misma compañía. |
| 250 ## - MENCIÓN DE EDICIÓN | |
| Mención de edición | 1a ed. en castellano |
| 260 ## - PUBLICACIÓN, DISTRIBUCIÓN, ETC. | |
| Lugar de publicación, distribución, etc. | Madrid |
| Nombre del editor, distribuidor, etc. | En la imprenta de la viuda de Manuel Fernández, y del Supremo Consejo de la Inquisición |
| Fecha de publicación, distribución, etc. | 1755 |
| 300 ## - DESCRIPCIÓN FÍSICA | |
| Extensión | [6], 420 p. (t.4) |
| Dimensiones | 21.4 x 15.8 cm |
| 500 ## - NOTA GENERAL | |
| Nota general | Estado físico: presenta encuadernación en pergamino con lomo desprendido y cintas rotas |
| 650 14 - PUNTO DE ACCESO ADICIONAL DE MATERIA--TÉRMINO DE MATERIA | |
| Término de materia o nombre geográfico como elemento de entrada | Biblia |
| Subdivisión cronológica | Obras anteriores a 1800 |
| 9 (RLIN) | 21709 |
| 650 14 - PUNTO DE ACCESO ADICIONAL DE MATERIA--TÉRMINO DE MATERIA | |
| Término de materia o nombre geográfico como elemento de entrada | Crítica e interpretación |
| 9 (RLIN) | 21710 |
| 700 1# - PUNTO DE ACCESO ADICIONAL--NOMBRE DE PERSONA | |
| Nombre de persona | Espinosa, Antonio (S.I.) |
| Término indicativo de función/relación | tr. |
| 9 (RLIN) | 21711 |
| 902 ## - CATALOGADOR | |
| Iniciales | CFM |
| 942 ## - ELEMENTOS DE PUNTO DE ACCESO ADICIONAL (KOHA) | |
| Fuente del sistema de clasificación o colocación | Library of Congress Classification |
| Tipo de ítem Koha | Libros |
| Estado de retiro | Estado de pérdida | Estado dañado | No para préstamo | Localización permanente | Ubicación/localización actual | Fecha de adquisición | Total de préstamos | Signatura topográfica completa | Código de barras | Fecha visto por última vez | Precio válido a partir de | Tipo de ítem Koha |
|---|---|---|---|---|---|---|---|---|---|---|---|---|
| El ejemplar forma parte de la colección y puede ser consultado según las políticas vigentes. | Biblioteca del Museo Franz Mayer (Rogerio Casas-Alatriste) | Biblioteca del Museo Franz Mayer (Rogerio Casas-Alatriste) | 03/02/2017 | BE56 .B47 1755 | CFM00051 | 22/03/2019 | 22/03/2019 | Libros |